000 00469nam a2200181Ia 4500
001 24233
005 20260414151029.0
008 260414t2024||||xx |||||||||||||| ||spa||
041 _aESP
082 _a345.2
_bA166
100 _aApolo Peralta, Jean Paul Fabricio,
_eAUT
245 0 _aLa audiencia de tutela de derechos en el proceso penal
_b
260 _c2024
300 _a413 páginas :
_c25 cm.
650 _aDER
654 _aCDE
942 _cLIB
_dJUS
_fJUS
_2ddc
_n
999 _c24233
_d24233